000 00795nam a22001695i 4500
001 158427
003 ES-MaACL
005 20230906211138.0
008 020228s1877 sp |||| | spa d
040 _aCAM
_bspa
_cCAM
100 1 _aMadán y García, Augusto E.
_9129328
245 1 0 _aDeber y afecto en contienda
_b: drama en tres actos y en verso /
_cpor Augusto E. Mádan y García.
260 _aMadrid :
_b[s.n.],
_c1877 (
_fImprenta de José Rodriguez)
300 _a75 p. ;
_c20 cm.
596 1 _aEn verso de la port. consta: "... Galería Lírico Dramática, titulada el Teatro de Alonso Gullon ..."
852 _aES-MaACL
_jF-8555(12)
_z-- Enc. pasta española
_q-- Falto de la cub. original
_z-- Enc. en un vol. facticio formando parte de la col. facticia "Teatro español moderno", v.7
999 _c158427
_d158427